Klastre ako nástroj zvyšovania konkurencieschopnosti regiónov

Problematika klastrov, ako nástroja na zvyšovanie konkurencieschopnosti regiónu. Rozmiestnenie klastrov na území Slovenskej republiky a klastre v Európskej únii. Najvýznamnejšie klastre v členských krajinách EÚ.

Salvato in:
Dettagli Bibliografici
Autore principale: Spišáková, Emília, 1983-
Altri autori: Kišo, Štefan
Natura: Capitolo di libro
Lingua:slovacco
Soggetti:
Tags: Aggiungi Tag
Nessun Tag, puoi essere il primo ad aggiungerne!!

MARC

LEADER 00000nla a2200000 4500
001 0194361
005 20240502073244.6
041 0 |a slo 
044 |a SK 
245 1 0 |a Klastre ako nástroj zvyšovania konkurencieschopnosti regiónov  |c Emília Spišáková, Štefan Kišo 
520 |a Problematika klastrov, ako nástroja na zvyšovanie konkurencieschopnosti regiónu. Rozmiestnenie klastrov na území Slovenskej republiky a klastre v Európskej únii. Najvýznamnejšie klastre v členských krajinách EÚ. 
610 2 0 |a Európska únia 
610 2 0 |a Slovensko 
610 2 0 |a klaster 
610 2 0 |a združenia podnikov 
610 2 0 |a formy organizačné nadpodnikové 
610 2 0 |a konkurencieschopnosť 
100 1 |a Spišáková, Emília, 1983- 
700 1 |a Kišo, Štefan